000 00597nam a2200169 i 4500
001 82704
003 ES-MaACL
005 20230906174723.0
007 t|
008 041111s1955 xxk ||||1| eng d
245 0 0 _aInauguration of Richard Anderson Harvill as President of the University.
260 _aTucson (Arizona :
_bUniversity of Arizona,
_c[1955]
300 _a76 p., 3 lám. :
_bil. ;
_c23 cm.
500 _aEs separata de: University of Arizona Bulletin. Nº 17, V. XXVI-Nº 4, June 1955.
710 2 _aUniversity of Arizona (
_cTucson)
_97500
852 _aES-MaACL
_j1994-F-12
_bR.39244
999 _c82704
_d82704